[Event "Cholet-D"]
[Site "Cholet"]
[Date "2012.02.22"]
[Round "6"]
[White "Suman, Avijit"]
[Black "Hatrel, Arnaud"]
[Result "1-0"]
[WhiteElo "1499"]
[BlackElo "1414"]
[PlyCount "85"]
[EventDate "2012.02.18"]
[EventType "swiss"]
[EventRounds "9"]
[EventCountry "FRA"]
[SourceTitle "EXT 2013"]
[Source "ChessBase"]
[SourceDate "2012.11.22"]
[SourceVersion "1"]
[SourceVersionDate "2012.11.22"]
[SourceQuality "1"]

1. e4 e5 2. Nf3 Nc6 3. Bc4 Be7 4. d3 Nf6 5. Nc3 0-0 6. h3 d6 7. Nd5 Na5 8. Nxf6+ Bxf6 9. Bb3 c6 10. h4 Bg4 11. Bg5 Bxg5 12. hxg5 Nxb3 13. axb3 Bxf3 14. Qxf3 Qxg5 15. Rh5 Qf4 16. Qh3 h6 17. Rf5 Qxf5 18. Qxf5 a6 19. Qd7 d5 20. exd5 cxd5 21. Qxd5 b5 22. b4 Rfd8 23. Qe4 f6 24. Qc6 Rdc8 25. Qe6+ Kh7 26. c3 Re8 27. Qc6 Rec8 28. Qe4+ Kg8 29. Kd2 Rd8 30. Qc6 Rdc8 31. Qd5+ Kh8 32. b3 Rd8 33. Qe4 Rdc8 34. c4 bxc4 35. bxc4 Rd8 36. c5 Ra7 37. b5 a5 38. b6 Ra6 39. b7 f5 40. Qxf5 Rf6 41. Qxf6 gxf6 42. Rxa5 e4 43. Ra8 1-0

[Event "Cholet-D"]
[Site "Cholet"]
[Date "2012.02.20"]
[Round "4"]
[White "Barre, Laurent"]
[Black "Hatrel, Arnaud"]
[Result "1/2-1/2"]
[WhiteElo "1428"]
[BlackElo "1414"]
[PlyCount "88"]
[EventDate "2012.02.18"]
[EventType "swiss"]
[EventRounds "9"]
[EventCountry "FRA"]
[SourceTitle "EXT 2013"]
[Source "ChessBase"]
[SourceDate "2012.11.22"]
[SourceVersion "1"]
[SourceVersionDate "2012.11.22"]
[SourceQuality "1"]

1. e4 e5 2. Nf3 Nc6 3. Bb5 a6 4. Ba4 Nf6 5. d3 Be7 6. 0-0 0-0 7. Bg5 d6 8. h3 Nh5 9. Bxe7 Qxe7 10. c3 Nf4 11. Kh2 Nd8 12. Qd2 Nde6 13. h4 Kh8 14. g3 Nh5 15. Kg2 Rg8 16. Rh1 g6 17. Bb3 f6 18. Kf1 Rf8 19. Bd1 Qf7 20. Ng1 f5 21. Qe3 Nc5 22. b4 f4 23. gxf4 exf4 24. Qd4+ Kg8 25. bxc5 Ng3+ 26. Kg2 Nxh1 27. Kxh1 Qe7 28. Bb3+ Be6 29. Bxe6+ Qxe6 30. Qd5 Qxd5 31. exd5 dxc5 32. Nd2 Rf5 33. Ne4 Rd8 34. c4 b6 35. Nf3 h6 36. Kh2 Rd7 37. Rg1 Kh7 38. Rg4 Kg7 39. h5 g5 40. Nh4 Re5 41. Ng6 Rf5 42. Nh4 Re5 43. Ng6 Rf5 44. Nh4 Re5 1/2-1/2